Linear Integrated Circuits (Record no. 305364)

MARC details
000 -LEADER
fixed length control field 00396nam a2200157Ia 4500
008 - FIXED-LENGTH DATA ELEMENTS--GENERAL INFORMATION
fixed length control field 230718s9999 xx 000 0 und d
041 ## - LANGUAGE CODE
Language code of text/sound track or separate title eng
082 ## - DEWEY DECIMAL CLASSIFICATION NUMBER
Classification number 621.381
Item number CHO
100 ## - MAIN ENTRY--PERSONAL NAME
Personal name Choudhury D.R.
245 ## - TITLE STATEMENT
Title Linear Integrated Circuits
260 ## - PUBLICATION, DISTRIBUTION, ETC. (IMPRINT)
Date of publication, distribution, etc. 1997
Name of publisher, distributor, etc. New Age
300 ## - PHYSICAL DESCRIPTION
Extent 420
365 ## - TRADE PRICE
Currency code Rs.
Price amount 145.00
700 ## - ADDED ENTRY--PERSONAL NAME
Personal name Choudhury D.R. & Jain S.
906 ## - LOCAL DATA ELEMENT F, LDF (RLIN)
d B:127621-Jun-2003
c ETC
b 29
Holdings
Withdrawn status Lost status Damaged status Not for loan Home library Current library Date acquired Vendor Budget Code Cost, normal purchase price Bill number Total Checkouts Full call number Barcode Date last seen Date last checked out Discount Cost, replacement price Bill Date Koha item type Original Barcode
        Cummins College of Engineering for Women Pune Cummins College of Engineering for Women Pune 20/06/2003 MBS ETC 116.00 1276 1 621.381 CCEP-BK-16571 18/12/2024 24/10/2024 29 145.00 21/06/2003 Books 016571